00390nam a2200157Ia 4500003000400000008004100004040001600045082001300061100001100074245002300085260005200108300001000160490002500170650001500195650002200210GCL140319s9999 xx 000 0 eng d aGCL / cGCL04a843bR A1 aRACINE10aATHALIE / cRACINE a[S.N] : bLIBRAIRE GENERALE FRANCAISE ، c1993 a191 P aLE LIVRE DE POCHEv004aLITERATURE04aFRENCH LITERATURE